000 00490nam a2200181Ia 4500
008 090123s9999 xx 000 0 und d
082 _b3391
_a891.463/कदम
100 _aकदम बाबा
245 _aबदला
250 _a1
260 _bरामकृष्णा प्रि.प्रेस
_c1973
300 _a315
600 _aकदम बाबा
630 _aबदला
700 _aकदम बाबा
730 _aबदला
942 _cBOOK
999 _c41471
_d41471